[Event "OGOLNOPOLSKA OLIMPIADA MLODZIEZY<br/>MISTRZOSTWA POLSKI JUNIOROW 2016 - D14"]
[Site "Olecko"]
[Date "2016-05-08"]
[Round "1.1"]
[White "Swiech, Joanna"]
[Black "Filipska, Maja"]
[Result "1-0"]
[WhiteTitle "I++"]
[BlackTitle "I"]
[WhiteElo "1939"]
[BlackElo "1479"]

1. d4 Nf6 2. c4 g6 3. Nc3 Bg7 4. e4 d6 5. Bd3 O-O 6. Nge2 Nbd7 7. O-O c5 8. d5
Ne5 9. f4 Nxd3 10. Qxd3 a6 11. a4 Qc7 12. h3 e6 13. dxe6 fxe6 14. Be3 b6 15. Rad1
Rd8 16. Bf2 Bb7 17. Bh4 Rd7 18. f5 gxf5 19. exf5 Qc6 20. Qg3 Ne4 21. Qg4 exf5
22. Rxf5 Kh8 23. Nd5 Re8 24. Rf4 Qxa4 25. Rdf1 Bxd5 26. cxd5 Rb7 27. Nc3 Qd4+
28. Kh1 Qd3 29. Nxe4 Qxd5 30. Nf6 Bxf6 31. Bxf6+ Rg7 32. Qxg7# 1-0

[Event "OGOLNOPOLSKA OLIMPIADA MLODZIEZY<br/>MISTRZOSTWA POLSKI JUNIOROW 2016 - D14"]
[Site "Olecko"]
[Date "2016-05-08"]
[Round "1.2"]
[White "Tarka, Aleksandra"]
[Black "Kalinowska, Zuzanna"]
[Result "0-1"]
[WhiteTitle "I"]
[BlackTitle "k"]
[WhiteElo "1472"]
[BlackElo "1901"]

1. e4 e6 2. Nf3 d5 3. e5 c5 4. c3 Nc6 5. d4 Qb6 6. Bd3 cxd4 7. cxd4 Bd7 8. Be2
Nge7 9. Qb3 Nf5 10. Qxb6 axb6 11. Be3 Nb4 12. Na3 Nxe3 13. fxe3 Rxa3 14. bxa3
Nc2+ 15. Kd2 Nxa1 16. Rxa1 Be7 17. Rb1 Bd8 18. Bb5 Bc6 19. a4 Kd7 20. Ne1 Bc7
21. Rb2 Ra8 22. Nd3 Ra5 23. Kc3 Bd8 24. Rf2 Ke8 25. Rb2 Ra8 26. Kd2 Bxb5 27. axb5
Bg5 28. g3 Ra4 29. Nf4 Be7 30. Ke2 Rc4 31. Kf3 Kd7 32. h4 f6 33. exf6 gxf6 34.
h5 Kd6 35. Nd3 e5 36. dxe5+ fxe5 37. Nf2 Bg5 38. e4 d4 39. Kg4 Bc1 40. Rb3 Ke6
41. Nd3 Bh6 42. Nb4 Bf8 43. Nd5 Bc5 44. Kg5 d3 45. Rxd3 Rxe4 46. Kh6 Rg4 47. Kxh7
e4 48. Rd1 e3 49. Nf4+ Kf6 50. h6 Kf5 51. Ne2 Ke4 52. Nc3+ Kf3 53. Rf1+ Kg2 54.
Rf6 Bd4 55. Rg6 Rxg6 56. Kxg6 Bxc3 57. h7 e2 0-1

[Event "OGOLNOPOLSKA OLIMPIADA MLODZIEZY<br/>MISTRZOSTWA POLSKI JUNIOROW 2016 - D14"]
[Site "Olecko"]
[Date "2016-05-08"]
[Round "1.3"]
[White "Kucharska, Honorata"]
[Black "Sivickis, Wiktoria"]
[Result "1-0"]
[WhiteTitle "k"]
[BlackTitle "I"]
[WhiteElo "1857"]
[BlackElo "1459"]

1. e4 c6 2. d4 d5 3. exd5 cxd5 4. Bd3 g6 5. c3 Bg7 6. h3 Nf6 7. Nf3 O-O 8. O-O
Nc6 9. Re1 Re8 10. Nbd2 Nd7 11. Qb3 Nb6 12. Ne5 f6 13. Nxc6 bxc6 14. Nf3 e5 15.
dxe5 fxe5 16. Bg5 Qd7 17. Rad1 Qf7 18. Nh2 e4 19. Bf1 Be5 20. g3 Be6 21. Qc2 Rf8
22. Bh6 Bg7 23. Bf4 Rad8 24. Ng4 Bxg4 25. hxg4 Qe6 26. Bc7 Rd7 27. Bxb6 axb6 28.
c4 Kh8 29. b4 Rdf7 30. Re2 Be5 31. cxd5 cxd5 32. Qb3 Qxg4 33. Qxd5 Rf5 34. Qxe4
Qh5 35. Rd3 Qh6 36. Rde3 Bg7 37. a4 Re5 38. Qc4 Rxe3 39. Rxe3 g5 40. Re6 Qh5 41.
Re2 Qg6 42. Bg2 Qd6 43. Bd5 Rd8 44. Bc6 Qd1+ 45. Kg2 Rf8 46. Re8 Rxe8 47. Bxe8
Qd8 48. Bc6 Qd6 49. Be4 Qf8 50. a5 bxa5 51. bxa5 Qd8 52. a6 Bd4 53. Qf7 Qg8 54.
Qd7 Bxf2 55. Kxf2 Qa2+ 56. Kf3 Qb3+ 57. Kg4 Qg8 58. a7 1-0

[Event "OGOLNOPOLSKA OLIMPIADA MLODZIEZY<br/>MISTRZOSTWA POLSKI JUNIOROW 2016 - D14"]
[Site "Olecko"]
[Date "2016-05-08"]
[Round "1.4"]
[White "Orlik, Sandra"]
[Black "Moscicka, Pola"]
[Result "0-1"]
[WhiteTitle "I"]
[BlackTitle "k"]
[WhiteElo "1451"]
[BlackElo "1838"]

1. d4 Nf6 2. Nf3 e6 3. e3 b6 4. Bd3 Bb7 5. O-O d5 6. b3 c5 7. Bb2 Bd6 8. Nbd2 O-O
9. Ne5 Ne4 10. f3 Nxd2 11. Qxd2 f6 12. Ng4 Qc7 13. f4 c4 14. Be2 Nd7 15. Bf3 Rac8
16. c3 b5 17. Rfc1 Nb6 18. b4 h5 19. Nf2 e5 20. Nh3 g6 21. g3 Kg7 22. Qg2 Rh8
23. dxe5 fxe5 24. Ng5 Rce8 25. Qh3 Bc8 26. Qg2 e4 27. Bd1 h4 28. a4 hxg3 29. hxg3
Be7 30. a5 Na8 31. g4 Bxg5 32. fxg5 Qe5 33. Rc2 Qxg5 34. Qg3 Rh4 35. Rg2 Reh8
36. Kf2 Rh3 37. Qf4 Rf8 38. Qxf8+ Kxf8 39. Bc1 Qf6+ 40. Ke1 Qxc3+ 41. Bd2 Qxa1
42. Rf2+ Rf3 43. Rh2 Bxg4 44. Rg2 Rxe3+ 0-1

[Event "OGOLNOPOLSKA OLIMPIADA MLODZIEZY<br/>MISTRZOSTWA POLSKI JUNIOROW 2016 - D14"]
[Site "Olecko"]
[Date "2016-05-08"]
[Round "1.5"]
[White "Harazinska, Magdalena"]
[Black "Wasala, Wiktoria"]
[Result "1-0"]
[WhiteTitle "I++"]
[BlackTitle "I"]
[WhiteElo "1805"]
[BlackElo "1448"]

1. e4 e5 2. Nf3 Nc6 3. Bb5 Nd4 4. Nxd4 exd4 5. O-O Bc5 6. Bc4 Nf6 7. e5 d5 8. exf6
dxc4 9. fxg7 Rg8 10. Qh5 b6 11. Qxh7 Ke7 12. d3 Be6 13. Nd2 cxd3 14. Ne4 Kd7 15.
cxd3 Be7 16. f4 Bf6 17. Qxg8 Qxg8 18. Nxf6+ Kd6 19. Nxg8 Rxg8 20. f5 Bd7 21. f6
Ke5 22. Bg5 Bg4 23. Rae1+ Kd6 24. Rf4 Bh5 25. Rxd4+ Kc5 26. Rh4 1-0

[Event "OGOLNOPOLSKA OLIMPIADA MLODZIEZY<br/>MISTRZOSTWA POLSKI JUNIOROW 2016 - D14"]
[Site "Olecko"]
[Date "2016-05-08"]
[Round "1.6"]
[White "Roszkiewicz, Anna"]
[Black "Waszczuk, Patrycja"]
[Result "0-1"]
[WhiteTitle "I"]
[BlackTitle "k"]
[WhiteElo "1443"]
[BlackElo "1770"]

1. e4 c5 2. Nf3 e6 3. d4 cxd4 4. Nxd4 a6 5. Bd3 Bc5 6. Nb3 Be7 7. Qg4 Nf6 8. Qxg7
Rg8 9. Qh6 Rxg2 10. e5 Ng8 11. Qxh7 Qc7 12. Qe4 Rg7 13. h4 f5 14. Qe2 b5 15. h5
Qc6 16. f3 Bb7 17. Nd4 Qd5 18. c3 Nc6 19. h6 Rh7 20. Qg2 Qxe5+ 21. Ne2 O-O-O 22.
Bf4 Qf6 23. Qh3 Ne5 24. Bxe5 Qxe5 25. Nd2 Rxh6 26. Qg2 Bh4+ 27. Kd1 Qe3 28. Kc2
Bg5 29. Rad1 Rxh1 30. Qxh1 Nf6 31. Qg2 Rg8 32. Qf1 Nd5 33. Nd4 Qf4 34. Ne2 Qxd2+
35. Rxd2 Ne3+ 36. Kb3 Nxf1 37. Rd1 Bd5+ 38. Ka3 Ne3 39. Rg1 Be7+ 0-1

[Event "OGOLNOPOLSKA OLIMPIADA MLODZIEZY<br/>MISTRZOSTWA POLSKI JUNIOROW 2016 - D14"]
[Site "Olecko"]
[Date "2016-05-08"]
[Round "1.7"]
[White "Rudzinska, Michalina"]
[Black "Wolagiewicz, Kinga"]
[Result "0-1"]
[WhiteTitle "I"]
[BlackTitle "I"]
[WhiteElo "1738"]
[BlackElo "1397"]

1. e4 c5 2. Nf3 e6 3. d4 cxd4 4. Nxd4 a6 5. Bd3 Nf6 6. O-O Qc7 7. Qe2 d6 8. Nd2
g6 9. c4 Bg7 10. N2b3 Nbd7 11. f4 O-O 12. Kh1 Re8 13. Bd2 b6 14. Rae1 e5 15. Nf3
exf4 16. Bxf4 Bb7 17. Nfd2 Nh5 18. Qf2 Nxf4 19. Qxf4 Ne5 20. Nc1 Rad8 21. Bc2
Re7 22. Bb3 a5 23. Re3 Ba6 24. Nd3 Nxd3 25. Rxd3 Bxb2 26. Rh3 Bc8 27. Rh4 Bg7
28. Qf2 Qc5 29. Rf4 Bd4 30. Qf3 Rf8 31. Qe2 Be3 32. Rf6 Bg5 33. R6f3 Bg4 34. Qd3
Bxf3 35. Nxf3 Bh6 36. Nd4 Bg7 37. Nb5 Be5 38. Rd1 Rd8 39. Qe2 Bf4 40. Rd4 Qh5
41. Qxh5 gxh5 42. Bc2 Be5 43. Rd5 Rc8 44. Bd3 Rc5 45. g3 Rxd5 46. cxd5 Re8 47.
Na7 Bf6 48. Nc6 h4 49. Kg2 hxg3 50. hxg3 h5 51. Kf3 Kg7 52. a4 Rh8 53. Bf1 h4
54. gxh4 Rxh4 55. Ke3 Bg5+ 56. Kd3 f5 57. e5 dxe5 58. Nxe5 Rxa4 59. d6 Bf4 60.
d7 Bg5 61. Nc6 Ra3+ 62. Kc4 Ra1 63. Bd3 Rc1+ 64. Kd5 Rd1 65. Kc4 b5+ 66. Kc3 b4+
67. Kc4 b3 68. Nxa5 b2 69. Bxf5 b1=Q 70. Bxb1 Rxb1 71. Kc5 Kf7 72. Kc6 Rc1+ 73.
Kd6 Be7+ 74. Kd5 Rc5+ 0-1

[Event "OGOLNOPOLSKA OLIMPIADA MLODZIEZY<br/>MISTRZOSTWA POLSKI JUNIOROW 2016 - D14"]
[Site "Olecko"]
[Date "2016-05-08"]
[Round "1.8"]
[White "Koruch, Maria"]
[Black "Raczykowska, Paulina"]
[Result "0-1"]
[WhiteTitle "I"]
[BlackTitle "I+"]
[WhiteElo "1362"]
[BlackElo "1737"]

1. e4 e5 2. Nf3 Nc6 3. Bb5 a6 4. Ba4 Nf6 5. O-O b5 6. Bb3 Be7 7. d3 O-O 8. c3 d6
9. Nbd2 Nb8 10. Re1 Nbd7 11. Nf1 Nc5 12. Bc2 Re8 13. Ng3 Bf8 14. d4 Ncd7 15. a4
Bb7 16. Qd3 d5 17. exd5 exd4 18. Rxe8 Qxe8 19. axb5 axb5 20. Rxa8 Bxa8 21. Bf4
Bxd5 22. Nxd4 Bc4 23. Qe3 Qa8 24. h3 Nd5 25. Qe4 N7f6 26. Qf5 Qa1+ 27. Kh2 Nxf4
28. Qxf4 Qxb2 29. Qxc7 Qxc3 30. Ngf5 Qe1 31. Qb8 Nd7 32. Qd8 Qe5+ 33. Kg1 Qe1+
34. Kh2 Qe5+ 35. Kg1 Nb8 36. Qg5 Kh8 37. Qd8 Kg8 38. Qg5 f6 39. Nh6+ Kh8 40. Nf7+
Bxf7 41. Qh4 Qe1+ 42. Kh2 Bd6+ 0-1

[Event "OGOLNOPOLSKA OLIMPIADA MLODZIEZY<br/>MISTRZOSTWA POLSKI JUNIOROW 2016 - D14"]
[Site "Olecko"]
[Date "2016-05-08"]
[Round "1.9"]
[White "Malicka, Maria"]
[Black "Nowicka, Julia"]
[Result "1-0"]
[WhiteTitle "I++"]
[BlackTitle "I"]
[WhiteElo "1715"]
[BlackElo "1281"]

1. Nf3 d5 2. c4 c6 3. e3 Nf6 4. Qc2 Bg4 5. Ne5 Bh5 6. d4 e6 7. Nd2 Bb4 8. a3 Bxd2+
9. Bxd2 Ne4 10. cxd5 exd5 11. Bd3 Nxd2 12. Qxd2 Qg5 13. f4 Qh4+ 14. g3 Qh3 15.
Qc2 Qe6 16. g4 f6 17. gxh5 fxe5 18. dxe5 Qh3 19. Qe2 h6 20. Bg6+ Ke7 21. Rg1 Nd7
22. Rg3 Qh4 23. O-O-O Raf8 24. Rg4 Qh3 25. Rdg1 Rxf4 26. exf4 Qb3 27. Bc2 1-0

[Event "OGOLNOPOLSKA OLIMPIADA MLODZIEZY<br/>MISTRZOSTWA POLSKI JUNIOROW 2016 - D14"]
[Site "Olecko"]
[Date "2016-05-08"]
[Round "1.10"]
[White "Mytych, Wiktoria"]
[Black "Furtak, Joanna"]
[Result "0-1"]
[WhiteTitle "I"]
[BlackTitle "I+"]
[WhiteElo "1276"]
[BlackElo "1701"]

1. e4 e5 2. Nf3 Nc6 3. Nc3 Nf6 4. Bb5 Nd4 5. O-O Nxb5 6. Nxb5 c6 7. Nc3 d5 8. exd5
e4 9. Nd4 Qb6 10. Nb3 cxd5 11. d4 Bd6 12. h3 O-O 13. Bg5 Bb8 14. Qe2 Re8 15. Bxf6
Qxf6 16. Qe3 Be6 17. Ne2 Qh4 18. Nc5 b6 19. Nxe6 Rxe6 20. Rac1 f5 21. f4 Qd8 22.
c4 Rc6 23. cxd5 Qxd5 24. Rxc6 Qxc6 25. Qb3+ Kf8 26. Rc1 Qd7 27. d5 Bd6 28. Kf1
Bc5 29. Qc4 Ke7 30. b4 Bd6 31. Qc3 Kf7 32. g3 Qb5 33. Qc6 Qxc6 34. dxc6 Bxb4 35.
c7 Rc8 36. Rc6 Ke7 37. Nd4 Kd7 38. Rc4 Bf8 39. Nxf5 Rxc7 40. Rxe4 Rc1+ 41. Re1
Rxe1+ 42. Kxe1 Ke6 43. Ne3 Bc5 44. Ke2 a6 45. g4 b5 46. h4 Bxe3 47. Kxe3 Kd5 48.
Kd3 b4 49. h5 a5 50. g5 h6 51. g6 a4 52. f5 Ke5 53. Kc4 b3 54. axb3 axb3 55. Kxb3
Kxf5 0-1

[Event "OGOLNOPOLSKA OLIMPIADA MLODZIEZY<br/>MISTRZOSTWA POLSKI JUNIOROW 2016 - D14"]
[Site "Olecko"]
[Date "2016-05-08"]
[Round "1.11"]
[White "Jarocka, Liwia"]
[Black "Jedras, Adrianna"]
[Result "1-0"]
[WhiteTitle "I+"]
[BlackTitle "I"]
[WhiteElo "1667"]
[BlackElo "1261"]

1. e4 e5 2. Nf3 Nc6 3. Bb5 Bc5 4. c3 Nf6 5. d4 exd4 6. e5 Ne4 7. Qe2 d5 8. exd6
O-O 9. dxc7 Qe7 10. O-O dxc3 11. Nxc3 Nxc3 12. Qxe7 Nxe7 13. bxc3 Nd5 14. Bc4
Nxc7 15. Bf4 Be6 16. Bb3 Nd5 17. Be5 Ba3 18. Rad1 Rfd8 19. Ng5 Bb2 20. Nxe6 fxe6
21. Rd3 Rac8 22. Rfd1 Rc5 23. f4 Rdc8 24. f5 Bxc3 25. Bxc3 Rxc3 26. fxe6 Rxd3
27. Rxd3 Nf6 28. e7+ Kh8 29. Rd8+ Rxd8 30. exd8=Q+ Ng8 31. Qxg8# 1-0

[Event "OGOLNOPOLSKA OLIMPIADA MLODZIEZY<br/>MISTRZOSTWA POLSKI JUNIOROW 2016 - D14"]
[Site "Olecko"]
[Date "2016-05-08"]
[Round "1.12"]
[White "Wyrzykowska, Aleksandra"]
[Black "Kulpa, Zuzanna"]
[Result "0-1"]
[WhiteTitle "I"]
[BlackTitle "I+"]
[WhiteElo "1254"]
[BlackElo "1654"]

1. e4 c6 2. d4 d5 3. exd5 cxd5 4. c4 Nf6 5. Nc3 e6 6. Nf3 Nc6 7. Be2 dxc4 8. Bxc4
Be7 9. O-O O-O 10. Bf4 b6 11. d5 Na5 12. b3 Bb4 13. Be5 Bxc3 14. Bxc3 Nxd5 15.
Bxd5 Qxd5 16. Qxd5 exd5 17. Rad1 Bb7 18. Rfe1 Rfe8 19. Nd4 Rad8 20. Bxa5 bxa5
21. Nb5 Rxe1+ 22. Rxe1 a6 23. Nd4 Kf8 24. f3 Rd6 25. Kf2 a4 26. b4 Rd8 27. Rc1
Rc8 28. Rc5 Ke7 29. Nf5+ Kd7 30. Nxg7 Rxc5 31. bxc5 Kc6 32. Nf5 Kxc5 33. Ke3 Bc8
34. Nd4 Kc4 35. Nc6 Kc3 36. Nd8 d4+ 37. Ke2 Kc2 38. Nc6 d3+ 39. Ke3 Kc3 40. Nb4
Kxb4 41. Kxd3 Be6 42. a3+ Kxa3 43. Kc3 Ka2 44. Kc2 Bf5+ 45. Kc3 Kb1 46. Kb4 Bc2
47. Ka3 Kc1 48. Ka2 Kd2 49. Kb2 Bd3 50. Ka3 Ke2 51. Kxa4 Kf2 52. g4 Kxf3 53. h3
Kg3 54. g5 Kxh3 55. g6 hxg6 56. Ka3 g5 0-1

[Event "OGOLNOPOLSKA OLIMPIADA MLODZIEZY<br/>MISTRZOSTWA POLSKI JUNIOROW 2016 - D14"]
[Site "Olecko"]
[Date "2016-05-08"]
[Round "1.13"]
[White "Czarniecka, Aleksandra"]
[Black "Zaborowska, Maria"]
[Result "1-0"]
[WhiteTitle "I"]
[BlackTitle "I"]
[WhiteElo "1624"]
[BlackElo "1250"]

1. e4 c5 2. Nf3 e6 3. d4 cxd4 4. Nxd4 a6 5. c4 Nf6 6. Nc3 Qc7 7. a3 Nxe4 8. Nxe4
Qe5 9. Qd3 f5 10. f3 fxe4 11. fxe4 Bc5 12. Nf3 Qd6 13. b4 Qxd3 14. Bxd3 Be7 15.
O-O O-O 16. Bb2 Nc6 17. Rad1 b6 18. Bc1 Rb8 19. e5 a5 20. b5 Bc5+ 21. Kh1 Ne7
22. Ng5 Nf5 23. Bxf5 Rxf5 24. Rxf5 exf5 25. a4 h6 26. Nf3 Kf7 27. h4 Ke6 28. Bf4
Bb7 29. Nd4+ Bxd4 30. Rxd4 Be4 31. Rd6+ Ke7 32. Be3 Rc8 33. Bxb6 Rxc4 34. Bxa5
Rxa4 35. Ra6 Bd3 36. Bd8+ Kxd8 37. Rxa4 Bxb5 38. Rd4 Ke7 39. Rd6 Bc6 40. Kg1 Kf8
41. Kf2 Ke7 42. g3 Be4 43. Ke3 Bc6 44. Kd4 Bb5 45. Ke3 Bc6 46. Kf4 Bb5 47. Kxf5
Be2 48. Kg6 h5 49. Kxg7 Bg4 50. Kh6 Bf3 51. Kg5 Be2 52. Rh6 d5 53. exd6+ Kd7 54.
Kf4 Bg4 55. Rg6 Be6 56. Rxe6 Kxe6 57. Kg5 Kxd6 58. Kxh5 1-0

[Event "OGOLNOPOLSKA OLIMPIADA MLODZIEZY<br/>MISTRZOSTWA POLSKI JUNIOROW 2016 - D14"]
[Site "Olecko"]
[Date "2016-05-08"]
[Round "1.14"]
[White "Choinska, Debora"]
[Black "Skiba, Aleksandra"]
[Result "0-1"]
[WhiteTitle "I"]
[BlackTitle "I"]
[WhiteElo "1244"]
[BlackElo "1596"]

1. e4 c5 2. Nf3 Nc6 3. d4 cxd4 4. Nxd4 e5 5. Nb5 d6 6. a4 Be7 7. N1c3 a6 8. Na3
Nf6 9. Bc4 O-O 10. O-O Bg4 11. f3 Be6 12. Nd5 Bxd5 13. Bxd5 Nxd5 14. Qxd5 Qb6+
15. Kh1 Rac8 16. c3 Rfd8 17. Nc4 Qc5 18. Ne3 Bg5 19. Qxc5 dxc5 20. Nd5 Bxc1 21.
Raxc1 Kf8 22. Rcd1 Rd6 23. Kg1 Rcd8 24. Kf2 c4 25. Ke2 Na5 26. Nb4 Nb3 27. Rxd6
Rxd6 28. Nd5 a5 29. g3 f6 30. Re1 Kf7 31. Rf1 Ke6 32. Rb1 f5 33. Ke3 Nc5 34. Ra1
fxe4 35. fxe4 Kd7 36. Rf1 Kc6 37. Rf7 Rd7 38. Rf2 Nxa4 39. h3 Nb6 40. Nxb6 Kxb6
41. Ke2 Kb5 42. Rf5 Re7 43. Rf1 g6 44. h4 b6 45. Rd1 Ka4 46. Rd5 b5 47. Rd1 Kb3
48. Rd2 b4 49. cxb4 axb4 50. Kd1 c3 51. bxc3 bxc3 52. Rc2 Rd7+ 53. Kc1 Ra7 54.
Kd1 Ra1+ 55. Ke2 Kxc2 56. g4 Kb3 57. h5 c2 58. hxg6 hxg6 59. g5 c1=Q 60. Kf2 Qf4+
0-1

[Event "OGOLNOPOLSKA OLIMPIADA MLODZIEZY<br/>MISTRZOSTWA POLSKI JUNIOROW 2016 - D14"]
[Site "Olecko"]
[Date "2016-05-08"]
[Round "1.15"]
[White "Pyzio, Amelia"]
[Black "Ullrich, Agata"]
[Result "1-0"]
[WhiteTitle "I"]
[BlackTitle "II"]
[WhiteElo "1564"]
[BlackElo "1199"]

1. e4 e5 2. Nf3 Nc6 3. d4 exd4 4. Nxd4 Bc5 5. Be3 Qf6 6. c3 Nge7 7. f3 O-O 8. Bc4
d6 9. O-O Be6 10. Bb3 Qg6 11. Qe2 Bh3 12. Kh1 Bd7 13. Nd2 Kh8 14. Rad1 f5 15.
Rfe1 f4 16. Bf2 Ne5 17. Nc4 Qh5 18. Nxe5 dxe5 19. Ne6 Bxf2 20. Nxf8 Bxe1 21. Qxe1
Bc6 22. Ne6 Rc8 23. Nd8 Qe8 24. Nf7+ 1-0

[Event "OGOLNOPOLSKA OLIMPIADA MLODZIEZY<br/>MISTRZOSTWA POLSKI JUNIOROW 2016 - D14"]
[Site "Olecko"]
[Date "2016-05-08"]
[Round "1.16"]
[White "Kubasik, Aleksandra"]
[Black "Michalska, Aleksandra"]
[Result "0-1"]
[WhiteTitle "II"]
[BlackTitle "I"]
[WhiteElo "1151"]
[BlackElo "1560"]

1. e4 e5 2. Nf3 Nc6 3. Bb5 Bc5 4. O-O d6 5. c3 Bd7 6. d4 Bb6 7. Re1 Nge7 8. h3
O-O 9. Na3 exd4 10. cxd4 Ba5 11. Re2 a6 12. Ba4 b5 13. Bb3 Bb6 14. Nb1 Na5 15.
Bc2 Ng6 16. Nc3 Be6 17. Re1 Nb7 18. Be3 Ba5 19. a3 Bxc3 20. bxc3 Na5 21. Ng5 Bd7
22. f4 Nc4 23. Bc1 h6 24. Nf3 Nh4 25. f5 Bc6 26. Qe2 Re8 27. Qf2 Nxf3+ 28. Qxf3
Qh4 29. Bf4 Qf6 30. Qg4 Kh7 31. Bg3 Qg5 32. Qxg5 hxg5 33. Re2 f6 34. Rae1 Nxa3
35. Bb3 Re7 36. Kf2 a5 37. Bh2 b4 38. cxb4 axb4 39. g4 Nb5 40. d5 Be8 41. Rb2
Nc3 42. Bc2 Ba4 43. Kf3 Bxc2 44. Rxc2 Nxd5 45. Rb1 Ra3+ 46. Kf2 Rxe4 47. Re1 Rxe1
48. Kxe1 Rxh3 49. Bg1 b3 50. Rb2 Nf4 51. Kf1 Rc3 52. Rb1 c5 53. Ke1 d5 54. Kd2
Rc2+ 55. Kd1 c4 56. Bd4 Ne2 57. Ba1 Nc3+ 58. Bxc3 Rxc3 59. Ke1 Rg3 60. Kf1 Rxg4
61. Rb2 Rf4+ 62. Ke1 Rxf5 63. Ke2 d4 64. Ke1 Rf3 65. Ke2 Re3+ 66. Kd1 g4 67. Rh2+
Kg6 68. Rg2 f5 69. Kc1 c3 70. Kd1 d3 71. Rh2 Re2 72. Rh1 Ra2 73. Ke1 Ra1+ 74.
Kf2 Rxh1 75. Kg2 Rh3 76. Kf2 b2 77. Kg2 b1=Q 78. Kf2 Rf3+ 79. Kg2 Qf1+ 80. Kh2
Rh3# 0-1

[Event "OGOLNOPOLSKA OLIMPIADA MLODZIEZY<br/>MISTRZOSTWA POLSKI JUNIOROW 2016 - D14"]
[Site "Olecko"]
[Date "2016-05-08"]
[Round "1.17"]
[White "Bilczewska, Olga"]
[Black "Sawa, Daria"]
[Result "1-0"]
[WhiteTitle "I"]
[BlackTitle "I"]
[WhiteElo "1558"]
[BlackElo "1111"]

1. d4 Nf6 2. c4 e6 3. Nc3 d5 4. cxd5 exd5 5. Bg5 Be7 6. e3 Bf5 7. Qb3 Nbd7 8. Nf3
Nb6 9. Be2 O-O 10. O-O c6 11. Rac1 Ne4 12. Bf4 Bd6 13. Bxd6 Qxd6 14. Rfd1 Rfe8
15. Ne5 Re6 16. Bf3 Nxc3 17. Rxc3 Rh6 18. g3 f6 19. Nd3 g5 20. Nc5 Qc7 21. e4
Bd7 22. exd5 cxd5 23. Bxd5+ Kh8 24. Nxb7 1-0

[Event "OGOLNOPOLSKA OLIMPIADA MLODZIEZY<br/>MISTRZOSTWA POLSKI JUNIOROW 2016 - D14"]
[Site "Olecko"]
[Date "2016-05-08"]
[Round "1.18"]
[White "Bartkowska, Dorota"]
[Black "Sowa, Wiktoria"]
[Result "0-1"]
[WhiteTitle "II"]
[BlackTitle "I"]
[WhiteElo "1090"]
[BlackElo "1545"]

1. e4 Nf6 2. Nc3 d6 3. d4 c6 4. Nf3 Bg4 5. h3 Bh5 6. Bd3 e6 7. Bf4 d5 8. e5 Nfd7
9. Qd2 c5 10. b3 Bxf3 11. gxf3 cxd4 12. Ne2 Nc6 13. O-O-O Bb4 14. c3 dxc3 15.
Nxc3 d4 16. Qe2 Bxc3 17. Rhg1 g6 18. Bd2 Bxd2+ 19. Qxd2 Ndxe5 20. Qf4 Qc7 21.
Qf6 Nxd3+ 22. Kb1 Qe5 23. Qxe5 Ndxe5 24. f4 Nd7 25. Kc2 Rc8 26. Kb2 O-O 27. h4
Nc5 28. h5 Ne4 29. Rg2 Rfd8 30. f3 Nf6 31. hxg6 fxg6 32. Re1 d3 0-1

[Event "OGOLNOPOLSKA OLIMPIADA MLODZIEZY<br/>MISTRZOSTWA POLSKI JUNIOROW 2016 - D14"]
[Site "Olecko"]
[Date "2016-05-08"]
[Round "1.19"]
[White "Hryn, Zofia"]
[Black "Laszczuk, Zuzanna"]
[Result "1-0"]
[WhiteTitle "I"]
[BlackTitle "II"]
[WhiteElo "1531"]
[BlackElo "1062"]

1. c4 e5 2. g3 Nf6 3. Nc3 c6 4. Bg2 Bc5 5. e3 d5 6. d4 exd4 7. exd4 Bb4 8. cxd5
Nxd5 9. Nge2 Be6 10. O-O O-O 11. a3 Bxc3 12. bxc3 h6 13. Qc2 Nd7 14. Nf4 Re8 15.
Nxe6 Rxe6 16. c4 N5f6 17. Rb1 b6 18. Bf4 Rc8 19. Rfe1 Rxe1+ 20. Rxe1 b5 21. c5
Qa5 22. Re3 b4 23. Qd2 Rd8 24. Qxb4 Qxb4 25. axb4 Rc8 26. Ra3 Kh7 27. Rxa7 1-0

[Event "OGOLNOPOLSKA OLIMPIADA MLODZIEZY<br/>MISTRZOSTWA POLSKI JUNIOROW 2016 - D14"]
[Site "Olecko"]
[Date "2016-05-08"]
[Round "1.20"]
[White "Tuznik, Martyna"]
[Black "Hryn, Aleksandra"]
[Result "0-1"]
[WhiteTitle "II"]
[BlackTitle "I"]
[WhiteElo "1047"]
[BlackElo "1517"]

1. e4 c5 2. Nf3 d6 3. d4 cxd4 4. Nxd4 Nf6 5. Nc3 a6 6. Be3 e5 7. Nf3 Be7 8. Nd5
Nxd5 9. Qxd5 O-O 10. Bc4 Qc7 11. Bb3 Nd7 12. O-O-O Nf6 13. Qd3 Bd7 14. Bg5 Bb5
15. c4 Rfd8 16. Bxf6 Bxf6 17. Kb1 Bc6 18. h4 b5 19. Rc1 Rac8 20. Ka1 Qb7 21. g4
Bxe4 22. Qe3 Bxf3 23. g5 Be7 24. Rhg1 g6 25. Rc3 Be4 26. f4 bxc4 27. Rxc4 Rxc4
28. Bxc4 d5 29. Bb3 Rc8 30. Qd2 Bb4 31. Qh2 exf4 32. Qxf4 Qc7 33. Qf1 Bd2 34.
Qd1 Qc1+ 35. Qxc1 Rxc1+ 36. Rxc1 Bxc1 37. a4 Bd2 38. Bd1 Be1 39. h5 Bd2 40. hxg6
fxg6 41. Ka2 a5 42. b3 Bxg5 43. b4 axb4 44. a5 Bd8 45. a6 Bb6 46. Kb3 Bd3 47.
Kxb4 Bxa6 48. Kc3 Bc4 49. Kd2 Kf7 50. Bg4 h5 51. Bf3 Kf6 0-1

[Event "OGOLNOPOLSKA OLIMPIADA MLODZIEZY<br/>MISTRZOSTWA POLSKI JUNIOROW 2016 - D14"]
[Site "Olecko"]
[Date "2016-05-08"]
[Round "1.21"]
[White "Budkiewicz, Magdalena"]
[Black "Rokoszna, Zuzanna"]
[Result "1-0"]
[WhiteTitle "I"]
[BlackTitle "II"]
[WhiteElo "1495"]
[BlackElo "1017"]

1. e4 c5 2. Nf3 d6 3. d4 cxd4 4. Nxd4 Nf6 5. Nc3 g6 6. Be3 Bg7 7. f3 Nc6 8. Bc4
Qb6 9. Bb3 O-O 10. Nf5 Qd8 11. Nxg7 Kxg7 12. Qd2 Kg8 13. O-O-O Bd7 14. g4 Ne5
15. Rdf1 Qa5 16. h4 h5 17. gxh5 Nxh5 18. Rhg1 Rac8 19. f4 Ng4 20. f5 Nxe3 21.
Qxe3 Kh7 22. Bxf7 gxf5 23. Bg6+ Kg7 24. Bxh5+ Kf6 25. Rg6+ Kf7 26. Rh6+ Kg7 27.
Rg1# 1-0

[Event "OGOLNOPOLSKA OLIMPIADA MLODZIEZY<br/>MISTRZOSTWA POLSKI JUNIOROW 2016 - D14"]
[Site "Olecko"]
[Date "2016-05-08"]
[Round "2.1"]
[White "Skiba, Aleksandra"]
[Black "Swiech, Joanna"]
[Result "1/2-1/2"]
[WhiteTitle "I"]
[BlackTitle "I++"]
[WhiteElo "1596"]
[BlackElo "1939"]

1. d4 d5 2. c4 dxc4 3. e4 Nf6 4. Nc3 e6 5. Bxc4 a6 6. Nf3 c5 7. O-O Qc7 8. d5 exd5
9. Nxd5 Nxd5 10. exd5 Be7 11. Re1 O-O 12. Qe2 Bd6 13. b3 Bg4 14. h3 Bxf3 15. Qxf3
Be5 16. Rb1 Nd7 17. Be3 Rae8 18. Rbd1 Nf6 19. Bd3 Qa5 20. Re2 Bd4 21. Rde1 Rd8
22. Bxd4 cxd4 23. d6 Qb6 24. Re7 Rxd6 25. Qxb7 Qxb7 26. Rxb7 Nd5 27. Bc4 h6 28.
Bxd5 Rxd5 29. Ree7 d3 30. Red7 Rd8 31. Rxf7 d2 32. Rxg7+ Kf8 33. Rbf7+ Ke8 34.
Re7+ Kf8 35. Ref7+ Ke8 36. Re7+ Kf8 37. Ref7+ Ke8 38. Re7+ Kf8 39. Ref7+ Ke8 40.
Re7+ Kf8 1/2-1/2

[Event "OGOLNOPOLSKA OLIMPIADA MLODZIEZY<br/>MISTRZOSTWA POLSKI JUNIOROW 2016 - D14"]
[Site "Olecko"]
[Date "2016-05-08"]
[Round "2.2"]
[White "Kalinowska, Zuzanna"]
[Black "Czarniecka, Aleksandra"]
[Result "1-0"]
[WhiteTitle "k"]
[BlackTitle "I"]
[WhiteElo "1901"]
[BlackElo "1624"]

1. d4 Nf6 2. Nf3 g6 3. e3 Bg7 4. Be2 d6 5. O-O O-O 6. c4 Nbd7 7. Nc3 e5 8. b4 e4
9. Nd2 Re8 10. a4 b6 11. Ba3 c5 12. Nb3 Qe7 13. Rc1 Bb7 14. Nb5 Red8 15. bxc5
dxc5 16. Qc2 Ne8 17. Rfd1 a6 18. Nc3 Qg5 19. Nxe4 Bxe4 20. Qxe4 Nef6 21. Qf3 h5
22. Qg3 Qf5 23. Bd3 Ne4 24. Qh4 Re8 25. f3 Bf6 26. Qe1 1-0

[Event "OGOLNOPOLSKA OLIMPIADA MLODZIEZY<br/>MISTRZOSTWA POLSKI JUNIOROW 2016 - D14"]
[Site "Olecko"]
[Date "2016-05-08"]
[Round "2.3"]
[White "Michalska, Aleksandra"]
[Black "Kucharska, Honorata"]
[Result "0-1"]
[WhiteTitle "I"]
[BlackTitle "k"]
[WhiteElo "1560"]
[BlackElo "1857"]

1. e4 d6 2. d4 Nf6 3. Nc3 e5 4. dxe5 dxe5 5. Qxd8+ Kxd8 6. Bg5 Be6 7. O-O-O Nbd7
8. g3 Kc8 9. f3 c6 10. Bh3 Bxh3 11. Nxh3 Bb4 12. Nb1 Bc5 13. Nd2 h6 14. Bxf6 gxf6
15. Nc4 Kc7 16. Rhe1 b5 17. Ne3 a5 18. Nf5 Nb6 19. Re2 a4 20. Nf2 h5 21. Nd3 Bf8
22. f4 Nd7 23. Ne1 a3 24. Nf3 axb2+ 25. Kxb2 Ba3+ 26. Kb1 Ra4 27. fxe5 Rb4+ 28.
Ka1 Bb2+ 29. Kb1 Bxe5+ 30. Kc1 Bb2+ 31. Kd2 Nc5 32. Rde1 Rc4 33. Re3 Rd8+ 34.
Ke2 Rxc2+ 35. Kf1 Be5 36. R3e2 Rc3 37. Nxe5 fxe5 38. Re3 Rc2 39. R3e2 Rc3 40.
Re3 Rc4 41. R1e2 Ne6 42. Kg2 Rg8 43. Rf2 Nf4+ 44. Kf3 Nh3 45. Rd2 Ng5+ 46. Kg2
Nxe4 47. Rde2 Nc3 48. Re1 f6 49. Rd3 Nd5 50. Ra3 Kb6 51. Nd6 Rc2+ 52. Kh3 Rd8
53. Nf5 Nb4 54. Ne3 Rxa2 55. Rb3 Rdd2 56. Rh1 Rdb2 57. Rc3 Nc2 58. Nd1 Rb1 59.
Rf3 Raa1 60. Rff1 b4 0-1